Chatař : časopis pro chataře a chalupáře

Uloženo v:
Podrobná bibliografie
Médium: Seriál
Jazyk:čeština
Vydáno: Praha : Státní zemědělské nakladatelství
Témata:
ISSN:0323-1437
On-line přístup: Získat plný text
Tagy: Přidat tag
Žádné tagy, Buďte první, kdo vytvoří štítek k tomuto záznamu!

MARC

LEADER 00000nas a2200000 4500
003 SK-BrCVT
005 20220617222520.0
008 060515u199u9999cs e b cze
022 |a 0323-1437 
035 |a CVTIDW1244153 
040 |b slo  |a BA002  |e AACR2 
041 0 |a cze 
044 |a cs  |c CS 
080 |a 728.7(05)  |2 UDC-MRF 
245 1 0 |a Chatař :  |b časopis pro chataře a chalupáře 
260 |a Praha :  |b Státní zemědělské nakladatelství 
310 |a Mesačník 
500 |a Vo fonde od roku:1981 
500 |a Od r. 1991 zrušený odber. 
653 1 |a architektúra obytných budov  |a chaty  |a chatárstvo 
655 4 |a časopisy 
910 |b C5269 
959 |a 63 
974 |f Periodiká 
992 |a BCA 
999 |c 151603  |d 151603